000 00434nam a22001577a 4500
008 210708b ||||| |||| 00| 0 eng d
020 _a9788183223218
082 _a658.4092/C838p
100 _aCovey, Stephen R.
245 _aPredictable results in unpredictable times
260 _aBhopal:
_bManjul Publishing House,
_c2012.
300 _bvi,109p. ; illus.
650 _aLeadership
700 _aWhitman, Bob
942 _cGEN
_2ddc
999 _c99795
_d99784